000 00186nam a2200085Ia 4500
008 180219s9999 xx 000 0 und d
100 _aGoyal M K
245 0 _aPryavaran Shikshan
260 _aAggrawal
260 _c2010
999 _c41946
_d41946